[Event "Oruro Baptista Memorial"]
[Site "Oruro"]
[Date "2023.11.04"]
[Round "7"]
[White "Mirzoev, Azer"]
[Black "Castellanos Villela, Alejandro"]
[Result "1-0"]
[WhiteElo "2415"]
[BlackElo "2164"]
[PlyCount "121"]
[EventDate "2023.11.01"]
[EventType "swiss"]
[EventRounds "9"]
[EventCountry "BOL"]
[SourceTitle "Mega2024 Update 01"]
[Source "Chessbase"]
[SourceDate "2023.11.12"]
[SourceVersion "1"]
[SourceVersionDate "2023.11.12"]
[SourceQuality "1"]

1. d4 Nf6 2. c4 e6 3. Nc3 Bb4 4. Qc2 b6 5. a3 Bxc3+ 6. Qxc3 Bb7 7. Bg5 h6 8. Bh4 g5 9. Bg3 Ne4 10. Qc2 d6 11. 0-0-0 Qe7 12. f3 Nxg3 13. hxg3 Nc6 14. e3 0-0-0 15. Ne2 h5 16. Nc3 h4 17. g4 Kb8 18. Kb1 Qf8 19. Bd3 Ne7 20. Be4 d5 21. cxd5 Nxd5 22. Nxd5 Bxd5 23. Rc1 Qe7 24. Ka1 Rd6 25. Rhd1 Rc6 26. Qd3 Rxc1+ 27. Rxc1 Rd8 28. Bxd5 Rxd5 29. Qe4 Qf6 30. Ka2 Rd8 31. Rc2 Rg8 32. b4 Rh8 33. Qc6 Qd8 34. Kb3 h3 35. gxh3 Rxh3 36. Rc3 Rg3 37. e4 Rg1 38. Rd3 Qd6 39. Qxd6 cxd6 40. d5 Kc7 41. Rc3+ Kd7 42. Ka4 exd5 43. exd5 Rd1 44. Kb5 Rxd5+ 45. Ka6 b5 46. Kxa7 f5 47. Ka6 f4 48. a4 bxa4 49. b5 Rc5 50. Ra3 Kc7 51. Rxa4 Kb8 52. Ra3 Re5 53. Rd3 Re3 54. Rxd6 Rxf3 55. Rg6 Rb3 56. Kb6 Rc3 57. Rxg5 Rc8 58. Rf5 Rg8 59. g5 Kc8 60. Ka6 Kb8 61. b6 1-0

[Event "Oruro Baptista Memorial"]
[Site "Oruro"]
[Date "2023.11.03"]
[Round "6"]
[White "Sarmiento Sarmiento, Yoniel"]
[Black "Castellanos Villela, Alejandro"]
[Result "0-1"]
[WhiteElo "1963"]
[BlackElo "2164"]
[PlyCount "77"]
[EventDate "2023.11.01"]
[EventType "swiss"]
[EventRounds "9"]
[EventCountry "BOL"]
[SourceTitle "Mega2024 Update 01"]
[Source "Chessbase"]
[SourceDate "2023.11.12"]
[SourceVersion "1"]
[SourceVersionDate "2023.11.12"]
[SourceQuality "1"]

1. d4 Nf6 2. c4 e6 3. Nf3 c5 4. d5 exd5 5. cxd5 d6 6. Nc3 g6 7. g3 Bg7 8. Bg2 0-0 9. 0-0 Re8 10. Nd2 a6 11. a4 Nbd7 12. Nc4 Ne5 13. Nxe5 Rxe5 14. e4 Re8 15. h3 Qc7 16. Kh2 Nd7 17. f4 c4 18. Qc2 Nc5 19. Be3 Bd7 20. Bg1 b5 21. axb5 axb5 22. Rxa8 Rxa8 23. e5 Rb8 24. Bxc5 Qxc5 25. Ne4 Bf5 26. g4 Bxe4 27. Qxe4 Re8 28. e6 Qd4 29. Qf3 Qxb2 30. f5 f6 31. fxg6 hxg6 32. Kh1 c3 33. Qd3 c2 34. Qxg6 Re7 35. g5 c1Q 36. gxf6 Qxf1+ 37. Bxf1 Qxf6 38. Qb1 b4 39. Bg2 0-1

[Event "Titled Tuesday intern op 05th Sep Early"]
[Site "Chess.com INT"]
[Date "2023.09.05"]
[Round "9"]
[White "Castellanos Villela, Alejandro"]
[Black "Dauner, Benedikt"]
[Result "1-0"]
[WhiteElo "2164"]
[BlackElo "2385"]
[PlyCount "101"]
[EventDate "2023.09.05"]
[EventType "swiss (blitz)"]
[EventRounds "11"]
[EventCountry "USA"]
[SourceTitle "EXT 2024"]
[Source "ChessBase"]
[SourceDate "2023.10.10"]
[SourceVersion "1"]
[SourceVersionDate "2023.10.10"]
[SourceQuality "1"]

1. e4 d6 2. d4 Nd7 3. Nf3 Ngf6 4. Nc3 e5 5. Bc4 Be7 6. 0-0 0-0 7. Re1 c6 8. a4 b6 9. b3 a6 10. d5 c5 11. h3 Re8 12. Be3 Nf8 13. Nd2 Ng6 14. Kh2 h6 15. Bf1 Nh7 16. g3 Bg5 17. h4 Bxh4 18. gxh4 Qxh4+ 19. Kg1 Ng5 20. Bg2 Bh3 21. Qe2 Bxg2 22. Kxg2 Qh3+ 23. Kg1 Nh4 24. f3 Ngxf3+ 25. Nxf3 Nxf3+ 26. Kf2 Nxe1 27. Rxe1 f5 28. Qf1 Qh5 29. Qg2 Rf8 30. Rg1 g5 31. Ke1 f4 32. Bd2 f3 33. Qf2 b5 34. a5 g4 35. Nd1 Qg6 36. Ne3 h5 37. Nf5 Rxf5 38. exf5 Qxf5 39. Qe3 Rf8 40. Kf2 Qxc2 41. Qg5+ Kf7 42. Qxh5+ Qg6 43. Qxg6+ Kxg6 44. Rxg4+ Kf5 45. Kxf3 Rh8 46. Rg5+ Kf6 47. Rg3 Rh4 48. Bg5+ Kf5 49. Bxh4 e4+ 50. Ke3 c4 51. Rg5+ 1-0

[Event "Titled Tuesday intern op 05th Sep Early"]
[Site "Chess.com INT"]
[Date "2023.09.05"]
[Round "10"]
[White "Castellanos Villela, Alejandro"]
[Black "Kochiev, Ivan"]
[Result "0-1"]
[WhiteElo "2164"]
[BlackElo "2053"]
[PlyCount "64"]
[EventDate "2023.09.05"]
[EventType "swiss (blitz)"]
[EventRounds "11"]
[EventCountry "USA"]
[SourceTitle "EXT 2024"]
[Source "ChessBase"]
[SourceDate "2023.10.10"]
[SourceVersion "1"]
[SourceVersionDate "2023.10.10"]
[SourceQuality "1"]

1. Nf3 Nf6 2. g3 b6 3. Bg2 Bb7 4. 0-0 e6 5. c4 c5 6. Nc3 Be7 7. d4 cxd4 8. Qxd4 Nc6 9. Qf4 0-0 10. Rd1 Rc8 11. b3 Nb4 12. Bb2 d5 13. Rac1 Bd6 14. Qd2 Qe7 15. Nb5 Bb8 16. Bc3 Na6 17. Ne5 Nc5 18. Qb2 Rfd8 19. a4 Bxe5 20. Bxe5 dxc4 21. Bxb7 Rxd1+ 22. Rxd1 Nxb7 23. Nxa7 Ra8 24. Nb5 cxb3 25. Qxb3 Nc5 26. Qf3 Rxa4 27. Nd6 h6 28. h4 Nd5 29. Nb5 Rb4 30. Nd4 Ra4 31. Nb5 Ra8 32. Nd4 Rc8 0-1

[Event "Titled Tuesday intern op 22nd Aug Early"]
[Site "Chess.com INT"]
[Date "2023.08.22"]
[Round "2"]
[White "Castellanos Villela, Alejandro"]
[Black "Kotyk, Michael"]
[Result "1-0"]
[WhiteElo "2175"]
[BlackElo "2167"]
[PlyCount "127"]
[EventDate "2023.08.22"]
[EventType "swiss (blitz)"]
[EventRounds "11"]
[EventCountry "USA"]
[SourceTitle "EXT 2024"]
[Source "ChessBase"]
[SourceDate "2023.10.10"]
[SourceVersion "1"]
[SourceVersionDate "2023.10.10"]
[SourceQuality "1"]

1. e4 e5 2. Nf3 Nc6 3. Bc4 Nf6 4. d3 d5 5. exd5 Nxd5 6. 0-0 Bc5 7. Re1 0-0 8. Nxe5 Nxe5 9. Rxe5 Bxf2+ 10. Kxf2 Qh4+ 11. Kf1 Qf6+ 12. Qf3 Qxe5 13. Bxd5 c6 14. Bb3 Qxh2 15. Be3 Qh1+ 16. Bg1 a5 17. Nc3 a4 18. Bxa4 Ra5 19. Ke2 Re8+ 20. Kd2 Rf5 21. Qg3 Rf6 22. Bd4 Qh6+ 23. Be3 Qh5 24. Bb3 Rg6 25. Qf3 Qxf3 26. gxf3 Rg2+ 27. Ne2 h5 28. Rg1 Rxg1 29. Bxg1 Be6 30. Bxe6 Rxe6 31. Nf4 Rf6 32. Ke3 h4 33. d4 g5 34. Nh3 Re6+ 35. Kd3 f6 36. Be3 Kg7 37. c4 Kg6 38. d5 Rd6 39. Kd4 Kf5 40. Kc5 Rd8 41. dxc6 bxc6 42. Kxc6 Re8 43. Bd4 Rd8 44. Bc3 Rd3 45. c5 Rxf3 46. Ng1 Rf1 47. Kb7 Rxg1 48. c6 h3 49. c7 h2 50. c8Q+ Kf4 51. Qc7+ Kf3 52. Qxh2 Rg2 53. Qh5+ g4 54. Qf7 Ke2 55. Qe6+ Kd1 56. Qd5+ Kc2 57. Qxg2+ Kb1 58. Qxg4 Kxa2 59. Qf5 Ka1 60. Qxf6 Ka2 61. Qa6+ Kb1 62. Qd3+ Ka2 63. Qc2 Ka1 64. b4# 1-0

[Event "Cochabamba Hurtado Memorial"]
[Site "Cochabamba"]
[Date "2023.08.04"]
[Round "2"]
[White "Castellanos Villela, Alejandro"]
[Black "Achocalla Huaipara, Pavel Andres"]
[Result "1-0"]
[WhiteElo "2175"]
[BlackElo "1475"]
[PlyCount "51"]
[EventDate "2023.08.04"]
[EventType "swiss"]
[EventRounds "7"]
[EventCountry "BOL"]
[SourceTitle "CBM 215 Extra"]
[Source "ChessBase"]
[SourceDate "2023.09.30"]
[SourceVersion "1"]
[SourceVersionDate "2023.09.30"]
[SourceQuality "1"]

1. Nf3 d5 2. g3 e6 3. Bg2 Nf6 4. 0-0 c5 5. c4 Nc6 6. cxd5 Nxd5 7. Nc3 Be7 8. d4 Nxc3 9. bxc3 0-0 10. e4 Bf6 11. d5 exd5 12. exd5 Bxc3 13. Bg5 Qa5 14. dxc6 Bxa1 15. Qxa1 bxc6 16. Ne5 Bb7 17. Rb1 Qa6 18. Nd7 Rfe8 19. Nxc5 Qa5 20. Be3 Rxe3 21. Nxb7 Qd2 22. fxe3 Qxe3+ 23. Kh1 h6 24. Nd6 Rd8 25. Qxg7+ Kxg7 26. Nf5+ 1-0

[Event "Cochabamba Hurtado Memorial"]
[Site "Cochabamba"]
[Date "2023.08.04"]
[Round "1"]
[White "Saavedra Castro, Matias Santiago"]
[Black "Castellanos Villela, Alejandro"]
[Result "0-1"]
[WhiteElo "1362"]
[BlackElo "2175"]
[PlyCount "92"]
[EventDate "2023.08.04"]
[EventType "swiss"]
[EventRounds "7"]
[EventCountry "BOL"]
[SourceTitle "CBM 215 Extra"]
[Source "ChessBase"]
[SourceDate "2023.09.30"]
[SourceVersion "1"]
[SourceVersionDate "2023.09.30"]
[SourceQuality "1"]

1. e4 e5 2. Nf3 Nc6 3. Bb5 Nge7 4. 0-0 a6 5. Ba4 Ng6 6. d4 Nxd4 7. Nxd4 exd4 8. Qxd4 b5 9. Bb3 Bb7 10. Qe3 Be7 11. Nc3 0-0 12. Rd1 Re8 13. Qh3 d6 14. f3 c6 15. g4 Bf6 16. Ne2 Qb6+ 17. Kf1 d5 18. g5 Be5 19. f4 Bd6 20. e5 Bf8 21. Qg3 Rad8 22. c3 c5 23. Be3 Qc7 24. Bc2 d4 25. Bxg6 hxg6 26. cxd4 c4 27. a3 a5 28. Rac1 b4 29. axb4 axb4 30. Qf2 Qc8 31. Ng3 Qh3+ 32. Kg1 Bd5 33. Ra1 Ra8 34. Rdc1 Rec8 35. Qf1 Qg4 36. Qf2 c3 37. bxc3 Rxa1 38. Rxa1 Rxc3 39. Re1 b3 40. Qe2 Bf3 41. Qf1 b2 42. Qf2 Rb3 43. Qc2 b1Q 44. Rxb1 Rxe3 45. Rb2 Qxf4 46. Qd2 Bd5 0-1

[Event "Titled Tuesday intern op 04th Apr Early"]
[Site "Chess.com INT"]
[Date "2023.04.04"]
[Round "7"]
[White "Castellanos Villela, Alejandro"]
[Black "Hajiyev, Kanan"]
[Result "1-0"]
[WhiteElo "2200"]
[BlackElo "2194"]
[PlyCount "65"]
[EventDate "2023.04.04"]
[EventType "swiss (blitz)"]
[EventRounds "11"]
[EventCountry "USA"]
[SourceTitle "EXT 2024"]
[Source "ChessBase"]
[SourceDate "2023.10.10"]
[SourceVersion "1"]
[SourceVersionDate "2023.10.10"]
[SourceQuality "1"]

1. d4 Nf6 2. c4 e6 3. Nc3 Bb4 4. f3 c5 5. d5 exd5 6. cxd5 0-0 7. e4 Nxe4 8. fxe4 Qh4+ 9. Kd2 Qxe4 10. Qf3 Qd4+ 11. Kc2 d6 12. Bd3 c4 13. Be4 f5 14. Nge2 Qe5 15. Rf1 Na6 16. Qf2 Nc5 17. Bf3 f4 18. Qd4 Bf5+ 19. Kd2 Rae8 20. Qxc4 Ba5 21. b4 b5 22. Qd4 Qxd4+ 23. Nxd4 Bxb4 24. Ndxb5 Be4 25. Bxe4 Nxe4+ 26. Kd3 a6 27. Nxe4 axb5 28. Rxf4 Rc8 29. Rb1 Rfe8 30. Rxb4 Rxc1 31. Rxb5 Rd1+ 32. Nd2 Re5 33. Rb8+ 1-0

[Event "Titled Tuesday intern op 28th Mar Early"]
[Site "Chess.com INT"]
[Date "2023.03.28"]
[Round "11"]
[White "Castellanos Villela, Alejandro"]
[Black "Valgmae, Toomas"]
[Result "1/2-1/2"]
[WhiteElo "2188"]
[BlackElo "2270"]
[PlyCount "112"]
[EventDate "2023.03.28"]
[EventType "swiss (blitz)"]
[EventRounds "11"]
[EventCountry "USA"]
[SourceTitle "EXT 2024"]
[Source "ChessBase"]
[SourceDate "2023.10.10"]
[SourceVersion "1"]
[SourceVersionDate "2023.10.10"]
[SourceQuality "1"]

1. e4 d6 2. d4 Nf6 3. Nc3 g6 4. Be3 c6 5. Qd2 b5 6. Bd3 Nbd7 7. h3 Nb6 8. f4 Nc4 9. Bxc4 bxc4 10. e5 Nd5 11. Nf3 Rb8 12. Rb1 Bg7 13. 0-0 0-0 14. Ne4 Ba6 15. c3 Bc8 16. g4 f6 17. Ng3 Qa5 18. a3 Nxe3 19. Qxe3 Qd5 20. exf6 exf6 21. f5 Bd7 22. Qe4 Rfe8 23. Qxd5+ cxd5 24. Kf2 Ba4 25. Rfe1 Kf7 26. Rxe8 Bxe8 27. fxg6+ hxg6 28. g5 Ba4 29. gxf6 Bxf6 30. Ne1 Bh4 31. Kg2 Re8 32. Kf3 Bxg3 33. Kxg3 Re2 34. Ng2 Kg7 35. Nf4 Rd2 36. Nxd5 Bc2 37. Re1 Kh6 38. Re7 Bb1 39. Nf6 g5 40. Ng4+ Kg6 41. Re6+ Kf7 42. Rxd6 Rxb2 43. Ne5+ Ke7 44. Nxc4 Rb3 45. Rc6 Rxc3+ 46. Kg4 Ba2 47. Ne5 Rxa3 48. Kxg5 Be6 49. Ng6+ Kd7 50. Ne5+ Ke7 51. h4 Rg3+ 52. Kf4 Rh3 53. Ng6+ Kd7 54. Ne5+ Ke7 55. Kg5 Rg3+ 56. Kf4 Rh3 1/2-1/2

[Event "Titled Tuesday intern op 7th Mar Early"]
[Site "Chess.com INT"]
[Date "2023.03.07"]
[Round "7"]
[White "Castellanos Villela, Alejandro"]
[Black "Szente Varga, Fruzsina"]
[Result "0-1"]
[WhiteElo "2188"]
[BlackElo "2076"]
[PlyCount "102"]
[EventDate "2023.03.07"]
[EventType "swiss (blitz)"]
[EventRounds "11"]
[EventCountry "USA"]
[SourceTitle "EXT 2024"]
[Source "ChessBase"]
[SourceDate "2023.10.10"]
[SourceVersion "1"]
[SourceVersionDate "2023.10.10"]
[SourceQuality "1"]

1. c4 Nf6 2. Nc3 g6 3. g3 Bg7 4. Bg2 c6 5. e4 d6 6. Nge2 0-0 7. 0-0 e5 8. d4 Nbd7 9. h3 Qe7 10. d5 a5 11. Be3 c5 12. f4 Ne8 13. f5 b6 14. Qd2 Ba6 15. b3 Rb8 16. g4 f6 17. fxg6 hxg6 18. Nb5 Rf7 19. Rf2 Nf8 20. Raf1 Nc7 21. Nec3 Qd7 22. a4 Bc8 23. Bh6 Nh7 24. Na7 Ba6 25. Kh2 g5 26. Bxg7 Kxg7 27. Nc6 Rh8 28. Kg3 Nf8 29. Nb5 Ng6 30. Rf5 Bb7 31. Nc3 Nf4 32. Na7 Kg6 33. Nab5 Ne8 34. Ne2 Ng7 35. Ng1 Bc8 36. Nc3 Qe7 37. Nd1 Bxf5 38. exf5+ Kh7 39. Nc3 Kg8 40. Ne4 Kf8 41. Ne2 Ne8 42. N2c3 Rfh7 43. Rh1 Qg7 44. Bf1 Ke7 45. Kf2 Nxh3+ 46. Bxh3 Rxh3 47. Rxh3 Rxh3 48. Kg1 Qh6 49. Qg2 Qh4 50. Qf2 Qxg4+ 51. Kf1 Rh1+ 0-1

[Event "Cochabamba op 6th"]
[Site "Cochabamba"]
[Date "2023.03.05"]
[Round "7"]
[White "Castellanos Villela, Alejandro"]
[Black "Ticona Rocabado, Licael Roderick"]
[Result "1-0"]
[WhiteElo "2188"]
[BlackElo "2208"]
[PlyCount "105"]
[EventDate "2023.03.02"]
[EventType "swiss"]
[EventRounds "7"]
[EventCountry "BOL"]
[SourceTitle "CBM 213 Extra"]
[Source "ChessBase"]
[SourceDate "2023.05.31"]
[SourceVersion "1"]
[SourceVersionDate "2023.05.31"]
[SourceQuality "1"]

1. e4 e6 2. d4 d5 3. Nd2 dxe4 4. Nxe4 Nd7 5. Nf3 Ngf6 6. Nxf6+ Nxf6 7. c3 c5 8. Ne5 a6 9. Be3 Qc7 10. Qa4+ Bd7 11. Nxd7 Qxd7 12. Qxd7+ Nxd7 13. 0-0-0 cxd4 14. Bxd4 e5 15. Be3 f6 16. Bc4 0-0-0 17. b4 Kc7 18. a4 a5 19. bxa5 Ra8 20. Bb5 Ba3+ 21. Kc2 Rhd8 22. Rd5 Nc5 23. Rxc5+ Bxc5 24. Bxc5 Rxa5 25. Rd1 Rxd1 26. Kxd1 Ra8 27. Ke2 b6 28. Be7 f5 29. f3 g6 30. Ke3 Rc8 31. c4 Kb7 32. Bd6 Rd8 33. Bxe5 Rd1 34. Kf4 Rd2 35. g4 Rxh2 36. gxf5 Rh4+ 37. Kg3 Rh5 38. Bd7 gxf5 39. Kf4 Rh4+ 40. Kxf5 Rxc4 41. f4 Rc1 42. Ke6 h5 43. f5 b5 44. axb5 h4 45. f6 h3 46. f7 Rf1 47. Ke7 h2 48. Bxh2 Kb6 49. f8Q Rxf8 50. Kxf8 Ka7 51. Ke7 Kb7 52. Bc6+ Kc8 53. Kd6 1-0

[Event "Cochabamba op 6th"]
[Site "Cochabamba"]
[Date "2023.03.04"]
[Round "6"]
[White "Castellanos Villela, Alejandro"]
[Black "Claure Verastegui, Rene David"]
[Result "1-0"]
[WhiteElo "2188"]
[BlackElo "1841"]
[PlyCount "79"]
[EventDate "2023.03.02"]
[EventType "swiss"]
[EventRounds "7"]
[EventCountry "BOL"]
[SourceTitle "CBM 213 Extra"]
[Source "ChessBase"]
[SourceDate "2023.05.31"]
[SourceVersion "1"]
[SourceVersionDate "2023.05.31"]
[SourceQuality "1"]

1. Nf3 c5 2. e4 d6 3. d4 cxd4 4. Qxd4 Nc6 5. Bb5 Bd7 6. Qd3 Nf6 7. c4 g6 8. Nc3 Bg7 9. 0-0 0-0 10. h3 Qc7 11. Be3 a6 12. Bxc6 Bxc6 13. Rac1 Rac8 14. Nd4 Rfd8 15. Rfd1 Qa5 16. a3 Nd7 17. Qe2 Bxd4 18. Bxd4 b5 19. Nd5 Bxd5 20. cxd5 Qa4 21. Qe3 b4 22. b3 Qb5 23. a4 Qb7 24. h4 e6 25. dxe6 fxe6 26. h5 Rxc1 27. Rxc1 Nf8 28. Bb2 Rc8 29. Rxc8 Qxc8 30. Qd4 Qd7 31. hxg6 Nxg6 32. Qxb4 d5 33. exd5 exd5 34. Qd4 Nf8 35. b4 Kf7 36. Qf6+ Ke8 37. Qxa6 Ne6 38. Qa8+ Kf7 39. Qh8 Qxa4 40. Qf6+ 1-0

[Event "Cochabamba op 6th"]
[Site "Cochabamba"]
[Date "2023.03.03"]
[Round "3"]
[White "Monroy Garzon, Nataly Alejandra"]
[Black "Castellanos Villela, Alejandro"]
[Result "1/2-1/2"]
[WhiteElo "1889"]
[BlackElo "2188"]
[PlyCount "102"]
[EventDate "2023.03.02"]
[EventType "swiss"]
[EventRounds "7"]
[EventCountry "BOL"]
[SourceTitle "CBM 213 Extra"]
[Source "ChessBase"]
[SourceDate "2023.05.31"]
[SourceVersion "1"]
[SourceVersionDate "2023.05.31"]
[SourceQuality "1"]

1. d4 Nf6 2. g3 e6 3. Nf3 c5 4. dxc5 Bxc5 5. Bg2 d5 6. 0-0 0-0 7. c4 d4 8. b4 Bxb4 9. Nxd4 Qe7 10. Nb3 Nc6 11. Qc2 e5 12. Nc3 Nd4 13. Nxd4 exd4 14. Nd5 Nxd5 15. cxd5 Bc5 16. Bb2 Bg4 17. Rfc1 Rac8 18. Qa4 Qxe2 19. Rc2 Qd3 20. Rac1 Bd1 21. Rxc5 Bxa4 22. Rxc8 h5 23. R8c4 Qd2 24. Bxd4 b5 25. Be3 Qxa2 26. Rc8 Bb3 27. d6 Be6 28. R8c7 a5 29. d7 b4 30. Rd1 Rd8 31. Rc8 Rxc8 32. dxc8Q+ Bxc8 33. Rd8+ Kh7 34. Rxc8 Qb1+ 35. Rc1 Qg6 36. Rc6 Qb1+ 37. Rc1 Qd3 38. Bf1 Qd7 39. Rc5 a4 40. Rxh5+ Kg8 41. Rh4 b3 42. Rd4 Qe8 43. Rb4 Qd7 44. Rd4 Qe8 45. Rb4 Qa8 46. Bf4 a3 47. Rxb3 a2 48. Be5 a1Q 49. Bxa1 Qxa1 50. Rb8+ Kh7 51. Rb7 f6 1/2-1/2

[Event "Cochabamba op 6th"]
[Site "Cochabamba"]
[Date "2023.03.02"]
[Round "1"]
[White "Velarde Alarcon, Jhoana"]
[Black "Castellanos Villela, Alejandro"]
[Result "0-1"]
[WhiteElo "1341"]
[BlackElo "2188"]
[PlyCount "62"]
[EventDate "2023.03.02"]
[EventType "swiss"]
[EventRounds "7"]
[EventCountry "BOL"]
[SourceTitle "CBM 213 Extra"]
[Source "ChessBase"]
[SourceDate "2023.05.31"]
[SourceVersion "1"]
[SourceVersionDate "2023.05.31"]
[SourceQuality "1"]

1. e4 e5 2. Nf3 Nc6 3. Bc4 Bc5 4. c3 Nf6 5. d4 exd4 6. e5 d5 7. Bb5 Ne4 8. cxd4 Bb6 9. h3 0-0 10. 0-0 f6 11. Nc3 fxe5 12. dxe5 Be6 13. Bxc6 bxc6 14. Nxe4 dxe4 15. Qxd8 Raxd8 16. Ng5 Bc4 17. Nxe4 Bxf1 18. Kxf1 Rd1+ 19. Ke2 Rg1 20. g3 Re8 21. f4 Rd8 22. e6 Rdd1 23. Bd2 Rxa1 24. Ng5 Bc5 25. Bc3 Rxg3 26. b4 Rxc3 27. bxc5 Rxa2+ 28. Kd1 Rg3 29. Nf3 Rxf3 30. Ke1 Rxh3 31. e7 Rh1# 0-1

[Event "Online Olym Div2 E"]
[Site "Chess.com INT"]
[Date "2021.09.03"]
[Round "6.1"]
[White "Cardoso Cardoso, Jose Gabriel"]
[Black "Castellanos Villela, Alejandro"]
[Result "1-0"]
[WhiteElo "2428"]
[BlackElo "2202"]
[PlyCount "93"]
[EventDate "2021.09.02"]
[EventType "team (rapid)"]
[EventRounds "9"]
[EventCountry "USA"]
[SourceTitle "CBM 204 Extra"]
[Source "ChessBase"]
[SourceDate "2021.11.30"]
[SourceVersion "1"]
[SourceVersionDate "2021.11.30"]
[SourceQuality "1"]
[WhiteTeam "Colombia"]
[BlackTeam "Chile"]
[WhiteTeamCountry "COL"]
[BlackTeamCountry "CHI"]

1. c4 b6 2. Nc3 Bb7 3. Nf3 Nf6 4. g3 c5 5. Bg2 g6 6. 0-0 Bg7 7. d4 cxd4 8. Nxd4 Bxg2 9. Kxg2 Nc6 10. b3 Ne4 11. Nxe4 Bxd4 12. Rb1 d5 13. cxd5 Qxd5 14. f3 Rd8 15. Bh6 Ne5 16. Qc2 f5 17. Bg7 Rg8 18. Bxe5 Qxe5 19. Qc6+ Kf8 20. Ng5 Rd6 21. Qc4 e6 22. Qc7 Rg7 23. Nxh7+ Kg8 24. Nf6+ Kf8 25. Qc8+ Ke7 26. Ng8+ Kf7 27. Nh6+ Ke7 28. e4 Be3 29. Rbd1 Bd2 30. Qc2 Qc3 31. Qxc3 Bxc3 32. g4 Bd2 33. f4 fxe4 34. h4 Rd3 35. Rf2 e3 36. Re2 Rh7 37. g5 Rh8 38. Kf3 Rhd8 39. Ng4 Rc3 40. Ne5 Rc2 41. Nxg6+ Ke8 42. h5 Rd3 43. h6 Rc7 44. Rh1 Rh7 45. Ne5 Rc3 46. g6 Rh8 47. g7 1-0